Skateboard Brands of All Time - Statistics

General Stats
  • This quiz has been taken 104 times
    100 since last reset
  • The average score is 35 of 237
Answer Stats
Answer % Correct
Girl Skateboards
63%
Vans Shoes
63%
DC Shoe Co.
62%
Nike SB
59%
Thrasher Magazine
59%
Independent Truck Co.
56%
Santa Cruz Skateboards
56%
Spitfire Wheels
56%
Baker Skateboards
54%
Etnies Shoes
54%
Bones Bearings
51%
Bones Wheels
51%
Powell Peralta
49%
Birdhouse Skateboards
46%
Element Skateboards
46%
Zero Skateboards
46%
Toy Machine Skateboards
44%
Blind Skateboars
41%
Enjoi Skateboards
41%
Chocolate Skateboards
38%
Supreme NYC
38%
Thunder Trucks
38%
éS Footwear
37%
World Industries
37%
Anti-Hero Skateboards
35%
Deathwish Skateboards
35%
Mob Grip
34%
Real Skateboards
34%
Creature Skateboards
32%
Plan B Skateboards
32%
DGK
31%
Flip Skateboards
31%
Ace Trucks
29%
Jessup Griptape
29%
Lakai Footwear
29%
Almost Skateboards
28%
Emerica Shoes
28%
Hawk Shoes
28%
Zoo York
28%
Alien Workshop
26%
Converse Shoes
26%
Grizzly Griptape
26%
Krooked Skateboards
26%
OJ Skateboard Wheels
26%
Primitive Skateboarding
26%
Venture Trucks
26%
Fallen Shoes
25%
Globe Shoes
25%
DVS Shoe Company
24%
Heroin Skateboards
24%
Shake Junt Grip Tape
24%
Volcom
24%
Adio Footwear
22%
Airwalk
22%
Bronson Speed Co.
22%
Darkstar Skateboards
22%
Krux Trucks
22%
Shortys Skateboards
22%
Transworld Skateboarding Magazine
22%
Welcome Skateboards
22%
Habitat Skateboards
21%
HOCKEY Skateboards
21%
Osiris Shoes
21%
Polar Skate Co.
21%
Slap Magazine
21%
Dime MTL
19%
Fucking Awesome
19%
Cariuma Footwear
18%
Foundation Super Co.
18%
HUF Worldwide
18%
Royal Trucks
18%
Dogtown Skateboards
16%
iPath Footwear
16%
Mystery Skateboards
16%
411 Video Magazine
15%
Arbor Collective
15%
C1RCA Footwear
15%
G&S Gordon & Smith
15%
GX1000
15%
Pig Wheels
15%
Ricta Wheels
15%
Speed Wheels
15%
Vision Street Wear
15%
April Skateboards
13%
Black Label Skateboards
13%
Grind King Trucks
13%
KR3W Denim
13%
Palace Skateboards
13%
Pro-Tec Helmets
13%
RVCA Apparel
13%
Sk8mafia Skateboards
13%
Supra Shoes
13%
101 Skateboards
12%
5Boronyc
12%
Alva Skates
12%
Axion Footwear
12%
Cliché Skateboards
12%
Dragon Sunglasses
12%
Frog Skateboards
12%
Jacuzzi Unlimited
12%
Quasi Skateboards
12%
Sci-Fi Fantasy
12%
Thank You Skateboards
12%
Triple 8 Helmets
12%
A-Team Skateboards
10%
Hosoi Skateboards
10%
Maple Skateboards
10%
Matix Clothing
10%
Opera Skateboards
10%
Red Dragon Apparel
10%
Think Skateboards
10%
60/40 Skateboards
9%
Acme Skateboards
9%
Alltimers Skateboards
9%
Blockhead Skateboards
9%
Call Me 917
9%
Consolidated Skateboards
9%
Destructo Trucks
9%
Gravis Footwear
9%
H-Street Skateboards
9%
Landyachtz Skateboards
9%
Loaded Longboards
9%
Madrid Skateboards
9%
Magenta Skateboards
9%
Meow Skateboards
9%
New Deal Skateboards
9%
Paris Truck Co.
9%
Santa Monica Airlines
9%
Slime Balls Wheels
9%
Altamont Apparel
7%
ATM Click Skateboards
7%
Big Brother Magazine
7%
Black Magic Grip
7%
Deca Skateboards
7%
Diamond Supply Co.
7%
Droors Clothing
7%
DuFFS Shoes
7%
Fuct
7%
Jenkem
7%
Jenny Skateboards
7%
Last Resort AB Shoes
7%
Mini-Logo Skateboards
7%
New School Skateboards
7%
Nixon Watches
7%
Sector 9 Longboards
7%
Simple Footwear
7%
Sims Skateboards
7%
Speed Demons
7%
Stereo Skateboards
7%
WKND Skateboards
7%
Z-Flex Skateboards / Zephyr
7%
Aesthetics Skateboards
6%
Bahne Skateboards
6%
Bitch Skateboards
6%
Bootleg Skateboard Co.
6%
Cadillac Wheels
6%
Carver Skateboards
6%
CCS California Cheap Skates
6%
Channel One Skateboards
6%
Dominion Skateboards
6%
Dub Brand Streetwear
6%
Dukes Shoes
6%
Earthwing Skateboards
6%
Evol Casuals
6%
FTC Skateshop
6%
Golden State Wheel Co.
6%
Gullwing Trucks
6%
Menace Skateboards
6%
Orangatang Wheels
6%
Orion Trucks
6%
Pylon Skateboards
6%
Satori Wheels
6%
Seek Skateboards
6%
Sessions Clothing
6%
Sheep Shoes
6%
Society Skateboards
6%
Sonic Skateboards
6%
Valterra Skateboards
6%
Variflex Skateboards
6%
Woodstock Skateboards
6%
Zorlac Skateboards
6%
A1 Meats Wheels
4%
ABEC 11 Wheels
4%
All City Skateboards
4%
Clout Skateboards
4%
Concrete Wave Magazine
4%
Darkroom Skateboards
4%
Elwood Clothing
4%
Ezekial Clothing
4%
Formula One Skateboards
4%
Gouge Clothing
4%
Hawgs Wheels
4%
Hook-Ups
4%
Invisible Skateboards
4%
Jimmy'z Clothing
4%
Neighborhood Skateboards
4%
Planet Earth Skateboards
4%
Rayne Longboards
4%
Rhythym Skateboards
4%
Scarecrow Skateboards
4%
Schmitt Stix
4%
Shuvit Skateboards
4%
Skateboarder Magazine
4%
There Skateboards
4%
Airböurne Skateboards
3%
Black Panther Bearings
3%
Church of Skatan
3%
Circle A Skateboards
3%
Firm Skateboards
3%
Fourstar Clothing
3%
Fury Truck Co.
3%
Ghetto Child Wheels
3%
Hobie Skateboards
3%
Mad Circle Skateboards
3%
Nash Skateboards
3%
PASS~PORT Skateboards
3%
Savier Shoes
3%
Skull Skates
3%
Union Wheel Co.
3%
Alphanumeric Clothing
1%
Innes Clothing
1%
Kryptonics Skateboards
1%
NSS Shoes
1%
Prime Skateboards
1%
Split Clothing
1%
Theories Skateboards
1%
Tracker Trucks
1%
Daddies Board Shop
0%
Gotcha USA
0%
Kastel Shoes
0%
Reflex Bearings
0%
Seismic Wheels
0%
Standard Truck Co.
0%
Status Skateboards
0%
StrangeLove Skateboards
0%
Town & Country Surf Designs
0%
TSA Clothing
0%
No matching quizzes found
Score Distribution
Percent of People with Each Score
Percentile by Number Answered
Your Score History
You have not taken this quiz since the last reset